000 00364nam a2200145Ia 4500
008 230711s9999||||xx |||||||||||||| ||und||
041 _aENG
082 _a621
_bNO-E
100 _aNorris C.H
245 0 _aElementary structural analysis
250 _a3rd
260 _c1976
_aNew York
_bTata McGraw Hill Education Limited
650 _aCivil Engineering
942 _cBK
999 _c279
_d279